[Event "Aarhus Festuge Open"]
[Site "Aarhus"]
[Date "1992.??.??"]
[Round "1"]
[White "Borsos, Bogdan"]
[Black "Nielsen, Jan Lovig"]
[Result "1-0"]
[WhiteElo "2330"]
[BlackElo "2035"]
[PlyCount "80"]
[EventDate "1992.??.??"]

1. e4 e6 2. Nf3 d5 3. e5 c5 4. b4 b6 5. a3 Ne7 6. d4 Nf5 7. Bd3 g6 8. O-O Nxd4
9. Nxd4 cxd4 10. Nd2 Qd7 11. Nf3 Ba6 12. Bg5 Bxd3 13. Qxd3 Bg7 14. Rae1 O-O 15.
b5 Qc7 16. Qxd4 Nd7 17. c3 Rfc8 18. Re3 Qc4 19. a4 a6 20. Rb1 axb5 21. axb5 Qa2
22. Qd1 Qa4 23. Qe1 Bf8 24. Nd4 Rc5 25. h4 h5 26. Rg3 Rc4 27. Qe2 Qa2 28. Rb2
Qa3 29. Rc2 Bg7 30. Bf4 Qe7 31. Bg5 Ra1+ 32. Kh2 Qe8 33. Bf4 Rb1 34. Ra2 Nc5
35. Re3 Ne4 36. Rxe4 Rxc3 37. Re3 Rcc1 38. Rea3 Rh1+ 39. Kg3 Qe7 40. Bg5 Qc5
1-0

[Event "Aarhus Festuge Open"]
[Site "Aarhus"]
[Date "1992.??.??"]
[Round "1"]
[White "Christensen, Jan"]
[Black "Pedersen, Jan"]
[Result "1-0"]
[WhiteElo "2250"]
[BlackElo "2270"]
[PlyCount "71"]
[EventDate "1992.??.??"]

1. d4 Nf6 2. Nf3 g6 3. Nc3 Bg7 4. e4 d6 5. Be2 O-O 6. O-O Nc6 7. Be3 a6 8. Qd3
Ng4 9. Bg5 f6 10. Bh4 g5 11. Bg3 e5 12. h3 Nh6 13. dxe5 fxe5 14. Qd2 g4 15.
hxg4 Bxg4 16. Bc4+ Kh8 17. Ng5 Nd4 18. f4 b5 19. Bd3 Nf7 20. Nxf7+ Rxf7 21.
fxe5 Rxf1+ 22. Rxf1 dxe5 23. Rf7 Ne6 24. Qf2 c6 25. Bh4 Qg8 26. Be2 Bxe2 27.
Nxe2 Rf8 28. Rf5 Re8 29. Qb6 Nf4 30. Qf2 Nxe2+ 31. Qxe2 Qe6 32. Qf2 Qxa2 33.
Kh2 Qc4 34. Qf3 Rg8 35. Bf6 Qxc2 36. Bxg7+ 1-0

[Event "Aarhus Festuge Open"]
[Site "Aarhus"]
[Date "1992.??.??"]
[Round "1"]
[White "Conradsen, Claus"]
[Black "Samaritani, Fabio"]
[Result "0-1"]
[WhiteElo "1985"]
[BlackElo "2160"]
[PlyCount "78"]
[EventDate "1992.??.??"]

1. g3 d5 2. c4 c6 3. cxd5 cxd5 4. Bg2 Nc6 5. Nf3 Nf6 6. O-O Bg4 7. h3 Bf5 8. g4
Bg6 9. Qa4 Qd7 10. b4 b5 11. Qb3 e6 12. Bb2 Bd6 13. Rc1 O-O 14. Nc3 Rab8 15. a3
Rb6 16. d4 h5 17. g5 Nh7 18. Nd1 Bf4 19. e3 Bxg5 20. Nxg5 Nxg5 21. Nc3 Ne7 22.
f4 Ne4 23. Nxe4 Bxe4 24. Bxe4 dxe4 25. Qc2 e5 26. Kh2 exf4 27. exf4 Qf5 28. Rf1
Rc8 29. Qf2 e3 30. Qxe3 Nd5 31. Qf3 Rc2+ 32. Rf2 Rxf2+ 33. Qxf2 Nxf4 34. Qe3
Qc2+ 35. Kg3 Ne2+ 36. Kh4 Qxb2 37. Rd1 Rd6 38. Qe8+ Kh7 39. Qe4+ g6 0-1

[Event "Aarhus Festuge Open"]
[Site "Aarhus"]
[Date "1992.??.??"]
[Round "1"]
[White "Flindtholt, Birger"]
[Black "Sondergaard, Gunner"]
[Result "1-0"]
[WhiteElo "2130"]
[BlackElo "1930"]
[PlyCount "45"]
[EventDate "1992.??.??"]

1. e4 e5 2. f4 d5 3. exd5 e4 4. d3 Qxd5 5. Nc3 Bb4 6. Bd2 Bxc3 7. Bxc3 Nf6 8.
dxe4 Qxe4+ 9. Qe2 Qxe2+ 10. Bxe2 Nd5 11. Bxg7 Rg8 12. Be5 Ne3 13. Kf2 Nxc2 14.
Rc1 Bf5 15. Nf3 c5 16. Rhd1 Nd7 17. Rd2 Nb4 18. a3 Nc6 19. Bb5 Be4 20. Re1 f5
21. Bc3 O-O-O 22. Ng5 Rde8 23. Bc4 1-0

[Event "Aarhus Festuge Open"]
[Site "Aarhus"]
[Date "1992.??.??"]
[Round "1"]
[White "Hoiberg, Nina"]
[Black "Hansen, Bjarne"]
[Result "1/2-1/2"]
[WhiteElo "2245"]
[BlackElo "2150"]
[PlyCount "149"]
[EventDate "1992.??.??"]

1. e4 d6 2. d4 Nf6 3. Nc3 c6 4. f3 e5 5. Be3 Qa5 6. Nge2 Nbd7 7. Nc1 b5 8. Nb3
Qc7 9. a3 a6 10. Be2 c5 11. dxc5 dxc5 12. Nd5 Nxd5 13. Qxd5 Bb7 14. Qd2 c4 15.
Na5 Bc8 16. b4 Nf6 17. Qc3 Bd6 18. Rd1 Be6 19. O-O Rd8 20. Qe1 O-O 21. Qf2 Rd7
22. Rd2 Re8 23. Bb6 Qc8 24. Rfd1 Be7 25. Qg3 Bd8 26. Be3 Rxd2 27. Rxd2 Nd7 28.
Qe1 Bxa5 29. bxa5 Qc7 30. Rd1 Nf8 31. Bb6 Qe7 32. Qb4 Qg5 33. Qd2 Qxd2 34. Rxd2
Nd7 35. Be3 Kf8 36. Rd6 Ra8 37. Bd2 Ke7 38. Bb4 Kd8 39. g3 Kc7 40. f4 Nf8 41.
f5 Bd7 42. f6 gxf6 43. Rxf6 Be6 44. Bh5 Ng6 45. Bc5 Kd7 46. Rf2 Ke8 47. Bb6 Rc8
48. Rd2 Ke7 49. c3 Nf8 50. Bd1 Nd7 51. a4 Nc5 52. axb5 Nxe4 53. Rc2 axb5 54.
Bf3 Bd5 55. Bxe4 Bxe4 56. Rb2 Bc6 57. Kf2 Ke6 58. Ke3 f5 59. Rf2 h5 60. Rd2 h4
61. Rd8 Rxd8 62. Bxd8 h3 63. Bc7 Bb7 64. Bb6 Kd5 65. Bd8 b4 66. cxb4 Ba6 67.
Kd2 Ke4 68. Bf6 f4 69. gxf4 Kxf4 70. Bg7 e4 71. Ke2 c3+ 72. Kd1 Kf3 73. Bxc3
Kf2 74. Be1+ Kf3 75. Bg3 1/2-1/2

[Event "Aarhus Festuge Open"]
[Site "Aarhus"]
[Date "1992.??.??"]
[Round "1"]
[White "Jacobsen, Bo"]
[Black "Hansen, Lars"]
[Result "1-0"]
[WhiteElo "2245"]
[BlackElo "2265"]
[PlyCount "75"]
[EventDate "1992.??.??"]

1. c4 Nf6 2. g3 c6 3. Nf3 d5 4. b3 Bg4 5. Bg2 Nbd7 6. Bb2 e6 7. O-O Bd6 8. d3
O-O 9. Nbd2 Re8 10. h3 Bh5 11. Qc2 e5 12. e3 a5 13. a3 Bf8 14. Nh4 Qb6 15. g4
g5 16. Nf5 Bg6 17. cxd5 cxd5 18. Rac1 Qe6 19. f4 exf4 20. exf4 Bxf5 21. gxf5
Qe3+ 22. Rf2 gxf4 23. Nf3 Qb6 24. Bd4 Qd8 25. Qb2 Ra6 26. Ne5 Nxe5 27. Bxe5 Qe7
28. d4 Qxa3 29. Qd2 Ne4 30. Bxe4 dxe4 31. Rg2+ Rg6 32. fxg6 hxg6 33. Qxf4 Qxb3
34. Qf6 Qe3+ 35. Kh2 Rxe5 36. Rf1 Bg7 37. Qxf7+ Kh8 38. Qxg6 1-0

[Event "Aarhus Festuge Open"]
[Site "Aarhus"]
[Date "1992.??.??"]
[Round "1"]
[White "Kostuk, Anatolij"]
[Black "Pedersen, Nicolai Vesterbaek"]
[Result "0-1"]
[WhiteElo "2000"]
[BlackElo "2115"]
[PlyCount "49"]
[EventDate "1992.??.??"]

1. e4 e5 2. Bc4 Nf6 3. Nc3 Nxe4 4. Bxf7+ Kxf7 5. Nxe4 d5 6. Qf3+ Kg8 7. Ng3 Nc6
8. d3 Be6 9. Nh3 Qd7 10. Ng5 Bg4 11. Qe3 Nd4 12. Qd2 Be7 13. O-O h6 14. f3 Bxg5
15. Qf2 Rf8 16. c3 Nc6 17. Bxg5 hxg5 18. Qe3 Bf5 19. d4 exd4 20. cxd4 Qe7 21.
Nxf5 Rxf5 22. Qd3 Qf6 23. Rac1 Rf4 24. Qb3 Qxd4+ 25. Kh1 0-1

[Event "Aarhus Festuge Open"]
[Site "Aarhus"]
[Date "1992.??.??"]
[Round "1"]
[White "Marcussen, Anders"]
[Black "Jensen, Vagn"]
[Result "0-1"]
[WhiteElo "2135"]
[BlackElo "2250"]
[PlyCount "66"]
[EventDate "1992.??.??"]

1. d4 c5 2. d5 g6 3. Nf3 f5 4. g3 Nf6 5. Bg2 d6 6. O-O Bg7 7. c4 O-O 8. Nc3 Na6
9. Ne1 Nc7 10. Nd3 e6 11. dxe6 Bxe6 12. Qb3 Rb8 13. a4 b6 14. Bg5 a6 15. Nf4
Bf7 16. Nfd5 Ncxd5 17. Nxd5 Bxd5 18. Bxd5+ Kh8 19. Bf3 h6 20. Bd2 Ne4 21. Bxe4
fxe4 22. Qe3 Qe8 23. Bc3 Kh7 24. Rad1 Bxc3 25. Qxc3 Qe6 26. Rd5 h5 27. Qd2 Rbd8
28. b4 e3 29. Qd3 exf2+ 30. Kg2 cxb4 31. Rxh5+ Kg8 32. Rg5 Rf6 33. Rxf2 Rxf2+
0-1

[Event "Aarhus Festuge Open"]
[Site "Aarhus"]
[Date "1992.??.??"]
[Round "1"]
[White "Olesen, Niels H"]
[Black "Gasseholm, Finn"]
[Result "1-0"]
[WhiteElo "2010"]
[BlackElo "2055"]
[PlyCount "87"]
[EventDate "1992.??.??"]

1. c4 Nf6 2. Nc3 g6 3. g3 Bg7 4. Bg2 O-O 5. Nf3 d5 6. cxd5 Nxd5 7. d4 Nxc3 8.
bxc3 c5 9. e3 cxd4 10. cxd4 Nc6 11. O-O Bg4 12. Qb3 Qd7 13. Ba3 Rac8 14. Rac1
Rfd8 15. Ng5 e5 16. d5 Na5 17. Qd3 h6 18. Ne4 Bf5 19. Rfd1 b5 20. Qe2 Bxe4 21.
Bxe4 Nc4 22. Bb4 f5 23. Bd3 Qxd5 24. Bxf5 Qf7 25. Bxc8 Rxc8 26. Qg4 Rc7 27.
Rd8+ Kh7 28. Rcd1 a5 29. R8d7 Rxd7 30. Rxd7 Qf6 31. Qe4 axb4 32. Qb7 Nd6 33.
Qc6 Ne8 34. Qxb5 Qe6 35. Ra7 Nf6 36. Qxb4 Qf5 37. Qb7 Nh5 38. a4 e4 39. a5 Qf3
40. Qf7 Qd1+ 41. Kg2 Qe2 42. h3 Qb5 43. g4 Qg5 44. a6 1-0

[Event "Aarhus Festuge Open"]
[Site "Aarhus"]
[Date "1992.??.??"]
[Round "1"]
[White "Ostersen, Kjeld"]
[Black "Hvid, Jonas"]
[Result "0-1"]
[WhiteElo "2080"]
[BlackElo "1920"]
[PlyCount "72"]
[EventDate "1992.??.??"]

1. d4 d5 2. c4 c6 3. Nc3 Nf6 4. Nf3 e6 5. Bg5 h6 6. Bh4 dxc4 7. e3 b5 8. a4 Bb4
9. Nd2 Bb7 10. Qf3 Qe7 11. Nde4 Nbd7 12. Bxf6 Nxf6 13. O-O-O Bxc3 14. Nxc3 O-O
15. Rg1 b4 16. Nb1 c5 17. Qe2 Rfc8 18. g4 cxd4 19. Rxd4 e5 20. Rd1 Qe8 21. Bg2
Bxg2 22. Rxg2 Qxa4 23. Qc2 Qa1 24. g5 c3 25. b3 hxg5 26. f3 Rd8 27. Rdg1 Rac8
28. Rxg5 Rd2 29. Rxg7+ Kf8 30. Rxf7+ Ke8 31. Rg8+ Nxg8 32. Rf8+ Kxf8 33. Qf5+
Ke8 34. Qxc8+ Rd8 35. Qc6+ Kf8 36. Qc5+ Ne7 0-1

[Event "Aarhus Festuge Open"]
[Site "Aarhus"]
[Date "1992.??.??"]
[Round "1"]
[White "Pedersen, Bjarne"]
[Black "Husted, Peter"]
[Result "1/2-1/2"]
[WhiteElo "2235"]
[BlackElo "2245"]
[PlyCount "43"]
[EventDate "1992.??.??"]

1. d4 d5 2. c4 c6 3. Nf3 Nf6 4. Nc3 dxc4 5. a4 Bg4 6. Ne5 Bh5 7. Nxc4 e6 8. Bg5
Bb4 9. Qb3 a5 10. e3 Nbd7 11. Be2 Bxe2 12. Kxe2 O-O 13. Rhd1 b5 14. Ne5 Qb6 15.
Nd3 bxa4 16. Nxa4 Qb5 17. Bxf6 Nxf6 18. Kf1 Rfb8 19. Kg1 Qh5 20. Qc2 Bd6 21. h3
Qb5 22. Rdc1 1/2-1/2

[Event "Aarhus Festuge Open"]
[Site "Aarhus"]
[Date "1992.??.??"]
[Round "1"]
[White "Pedersen, Daniel Vesterbaek"]
[Black "Stercho, Stepan"]
[Result "1/2-1/2"]
[WhiteElo "2230"]
[BlackElo "2300"]
[PlyCount "111"]
[EventDate "1992.??.??"]

1. e4 c5 2. c3 d6 3. d4 cxd4 4. cxd4 Nf6 5. f3 g6 6. Be3 Bg7 7. Bd3 O-O 8. Ne2
b6 9. O-O Ba6 10. Bxa6 Nxa6 11. Nbc3 Nc7 12. Rc1 Qd7 13. Qb3 Rfc8 14. Rc2 Nb5
15. Rfc1 Nxc3 16. Rxc3 h5 17. Qc2 Rxc3 18. Qxc3 Ne8 19. Qc6 Qxc6 20. Rxc6 Kf8
21. Kf2 e6 22. Bg5 Rb8 23. Ke3 f6 24. Bh4 Ke7 25. d5 Kd7 26. Nd4 exd5 27. exd5
Bh6+ 28. Kd3 Nc7 29. Bg3 Bf8 30. Kc4 b5+ 31. Kb3 a5 32. Ka3 Rb7 33. b3 g5 34.
Nf5 Nxd5 35. Ra6 Nc7 36. Rxa5 h4 37. Bf2 Ne6 38. Ra8 d5+ 39. b4 Bd6 40. Rh8 Kc6
41. g3 hxg3 42. hxg3 Be5 43. Rc8+ Kd7 44. Rc2 Rc7 45. Kb3 Rc6 46. Rxc6 Kxc6 47.
Kc2 Ba1 48. Ne7+ Kd6 49. Nc8+ Kd7 50. Na7 Bd4 51. Bxd4 Nxd4+ 52. Kd3 Nxf3 53.
Nxb5 f5 54. Ke3 Ne5 55. Nd4 f4+ 56. gxf4 1/2-1/2

[Event "Aarhus Festuge Open"]
[Site "Aarhus"]
[Date "1992.??.??"]
[Round "1"]
[White "Pedersen, Peer Ole"]
[Black "Nielsen, Henning"]
[Result "1/2-1/2"]
[WhiteElo "2060"]
[BlackElo "2145"]
[PlyCount "80"]
[EventDate "1992.??.??"]

1. e4 e5 2. Nc3 Nf6 3. f4 d5 4. fxe5 Nxe4 5. Nf3 Be7 6. Qe2 f5 7. d3 Nc5 8. Be3
Ne6 9. Nd4 Nxd4 10. Bxd4 c5 11. Bf2 d4 12. Nb1 Nc6 13. Nd2 Be6 14. c4 Qa5 15.
a3 O-O 16. g3 Bg5 17. Rd1 Rae8 18. Bg2 Nxe5 19. O-O Ng4 20. Nf3 Be3 21. Bxe3
Nxe3 22. Ng5 Bf7 23. Nxf7 Rxf7 24. Bd5 Ree7 25. Qf3 Nxd1 26. Qxf5 Qc7 27. Rxd1
g6 28. Qf6 Qd7 29. Qg5 Re6 30. Rf1 Qe7 31. Qxe7 Rexe7 32. Rxf7 Rxf7 33. Kg2 Kf8
34. Bxf7 Kxf7 35. Kf3 Kf6 36. Ke4 Ke6 37. b4 b6 38. b5 h5 39. Kf4 Kf6 40. h4
Ke6 1/2-1/2

[Event "Aarhus Festuge Open"]
[Site "Aarhus"]
[Date "1992.??.??"]
[Round "1"]
[White "Sand, Bjorn"]
[Black "Bonnez, Finn"]
[Result "1-0"]
[WhiteElo "1765"]
[BlackElo "2050"]
[PlyCount "83"]
[EventDate "1992.??.??"]

1. e4 d5 2. exd5 Qxd5 3. Nc3 Qa5 4. d4 Nf6 5. Nf3 Bf5 6. Bc4 c6 7. O-O e6 8.
Bf4 Bb4 9. Ne2 Nbd7 10. c3 Be7 11. b4 Qd8 12. Ng3 Bg6 13. b5 cxb5 14. Bxb5 O-O
15. c4 Nb6 16. Rc1 a6 17. Ba4 Rc8 18. Bb3 Ba3 19. Rc3 Bb4 20. Rc1 Ba3 21. Rc3
Nbd5 22. cxd5 Rxc3 23. dxe6 Nd5 24. exf7+ Bxf7 25. Bg5 Be7 26. Bxe7 Qxe7 27.
Re1 Qb4 28. Ng5 Rxb3 29. axb3 Bg6 30. N5e4 Rd8 31. Re2 a5 32. Rd2 Re8 33. f3 b5
34. Rd3 a4 35. bxa4 bxa4 36. Qa1 Ra8 37. Ra3 Bf7 38. Nf5 Nb6 39. d5 Kf8 40.
Qxg7+ Ke8 41. Ned6+ Kd8 42. Nxf7+ 1-0

[Event "Aarhus Festuge Open"]
[Site "Aarhus"]
[Date "1992.??.??"]
[Round "1"]
[White "Sorensen, Michael"]
[Black "Lindfeldt, Jan Magnus"]
[Result "1/2-1/2"]
[WhiteElo "2100"]
[BlackElo "2030"]
[PlyCount "32"]
[EventDate "1992.??.??"]

1. d4 g6 2. e4 Bg7 3. Nf3 d6 4. Bc4 Nf6 5. Nc3 O-O 6. O-O Bg4 7. h3 Bxf3 8.
Qxf3 Nc6 9. Be3 e5 10. dxe5 Nxe5 11. Qe2 Nxe4 12. Nxe4 Nxc4 13. Bg5 f6 14.
Qxc4+ d5 15. Nxf6+ Bxf6 16. Bxf6 Rxf6 1/2-1/2

[Event "Aarhus Festuge Open"]
[Site "Aarhus"]
[Date "1992.??.??"]
[Round "1"]
[White "Ziska, Bogi"]
[Black "Petersen, Flemming Petri"]
[Result "1/2-1/2"]
[WhiteElo "2225"]
[BlackElo "2075"]
[PlyCount "73"]
[EventDate "1992.??.??"]

1. e4 c6 2. d4 d5 3. Nc3 dxe4 4. Nxe4 Nf6 5. Nxf6+ gxf6 6. Be2 Bf5 7. Nf3 Nd7
8. O-O Qc7 9. c4 e6 10. Qa4 Rg8 11. Rd1 Bd6 12. b4 Be4 13. g3 f5 14. Ng5 h6 15.
Nxe4 fxe4 16. Qb3 O-O-O 17. c5 Be7 18. b5 cxb5 19. Bxb5 Nf6 20. c6 h5 21. cxb7+
Kb8 22. Be3 Nd5 23. Rdc1 Qa5 24. Bc6 Bd6 25. Bxd5 Qxd5 26. Rc8+ Rxc8 27.
bxc8=Q+ Kxc8 28. Rc1+ Kd8 29. Qa4 Ke7 30. Qxa7+ Kf6 31. Qd7 h4 32. Rc6 Qa5 33.
Rc1 Ba3 34. Rb1 h3 35. Qb7 Qf5 36. Qc7 Ra8 37. Qe5+ 1/2-1/2

[Event "Aarhus Festuge Open"]
[Site "Aarhus"]
[Date "1992.??.??"]
[Round "2"]
[White "Bonnez, Finn"]
[Black "Pedersen, Jan"]
[Result "0-1"]
[WhiteElo "2050"]
[BlackElo "2270"]
[PlyCount "82"]
[EventDate "1992.??.??"]

1. d4 Nf6 2. Nf3 g6 3. e3 Bg7 4. Bd3 d6 5. Nbd2 O-O 6. O-O c5 7. c3 Nc6 8. b3
b6 9. Bb2 Bb7 10. Qe2 Nh5 11. Ba6 Bxa6 12. Qxa6 Qd7 13. Rfd1 cxd4 14. cxd4 Nb4
15. Qe2 Rac8 16. a3 Nd5 17. Rac1 Bh6 18. Rxc8 Rxc8 19. Rc1 Rxc1+ 20. Bxc1 b5
21. Ne1 a6 22. Qf3 Qf5 23. g4 Qc8 24. Bb2 Nhf6 25. h3 Nb6 26. Ne4 Ne8 27. Qd1
f5 28. gxf5 gxf5 29. Ng3 f4 30. exf4 Qxh3 31. Qf3 Nf6 32. f5 Nbd5 33. Ne4 Qxf3
34. Nxf6+ exf6 35. Nxf3 Ne7 36. a4 Nxf5 37. axb5 axb5 38. Ba3 Kf7 39. Kf1 Ke6
40. Ke2 Kd5 41. Kd3 Bf4 0-1

[Event "Aarhus Festuge Open"]
[Site "Aarhus"]
[Date "1992.??.??"]
[Round "2"]
[White "Gasseholm, Finn"]
[Black "Conradsen, Claus"]
[Result "0-1"]
[WhiteElo "2055"]
[BlackElo "1985"]
[PlyCount "32"]
[EventDate "1992.??.??"]

1. c4 g6 2. Nc3 Bg7 3. g3 e5 4. Bg2 Nc6 5. e3 f5 6. Nge2 e4 7. O-O Ne5 8. b3
Nf6 9. Nf4 Nfg4 10. h3 h5 11. hxg4 hxg4 12. d4 exd3 13. Bb2 Qg5 14. Nxd3 Nf3+
15. Bxf3 Qh5 16. Re1 gxf3 0-1

[Event "Aarhus Festuge Open"]
[Site "Aarhus"]
[Date "1992.??.??"]
[Round "2"]
[White "Hansen, Lars"]
[Black "Ostersen, Kjeld"]
[Result "1-0"]
[WhiteElo "2265"]
[BlackElo "2080"]
[PlyCount "72"]
[EventDate "1992.??.??"]

1. e4 c5 2. Nf3 e6 3. d4 cxd4 4. Nxd4 Nf6 5. Nc3 Bb4 6. e5 Bxc3+ 7. bxc3 Nd5 8.
Qg4 g6 9. Nb5 h5 10. Qf3 O-O 11. Bh6 Nc6 12. Bxf8 Qxf8 13. Be2 a6 14. Nd4 Nxe5
15. Qg3 Qc5 16. Nxe6 Qxc3+ 17. Qxc3 Nxc3 18. Nd4 d6 19. Bd3 b5 20. Kd2 Na4 21.
f4 Ng4 22. h3 Nf6 23. f5 Bb7 24. fxg6 Bxg2 25. gxf7+ Kxf7 26. Rh2 Bd5 27. Rf2
Nc5 28. Raf1 Ncd7 29. Bf5 Ke7 30. Bxd7 Nxd7 31. Nf5+ Kd8 32. Nd4 Kc7 33. Nf5
Bxa2 34. Nd4 Rd8 35. Kc3 Kb6 36. Nb3 Kb7 1-0

[Event "Aarhus Festuge Open"]
[Site "Aarhus"]
[Date "1992.??.??"]
[Round "2"]
[White "Hvid, Jonas"]
[Black "Jacobsen, Bo"]
[Result "1-0"]
[WhiteElo "1920"]
[BlackElo "2245"]
[PlyCount "64"]
[EventDate "1992.??.??"]

1. d4 Nf6 2. c4 g6 3. Nc3 Bg7 4. e4 O-O 5. f4 c5 6. d5 d6 7. Nf3 e6 8. Be2 exd5
9. cxd5 Re8 10. Nd2 b6 11. O-O Ba6 12. Re1 Qc8 13. Nc4 Bxc4 14. Bxc4 a6 15. a4
Ra7 16. h3 Rae7 17. Qd3 g5 18. Re2 Nfd7 19. g3 Bd4+ 20. Kh2 Nf8 21. Bd2 Ng6 22.
Rae1 Qb7 23. e5 gxf4 24. gxf4 dxe5 25. f5 e4 26. Nxe4 b5 27. Ba2 Be5+ 28. Kh1
c4 29. Qf3 Nf8 30. Qg2+ Kh8 31. f6 Ng6 32. fxe7 Qxd5 1-0

[Event "Aarhus Festuge Open"]
[Site "Aarhus"]
[Date "1992.??.??"]
[Round "2"]
[White "Jensen, Vagn"]
[Black "Borsos, Bogdan"]
[Result "0-1"]
[WhiteElo "2250"]
[BlackElo "2330"]
[PlyCount "72"]
[EventDate "1992.??.??"]

1. e4 e5 2. Nf3 Nc6 3. Bb5 a6 4. Ba4 d6 5. O-O Bd7 6. c3 Nge7 7. d4 Ng6 8. Re1
Be7 9. Nbd2 h6 10. Nf1 Bg5 11. Ne3 Bxe3 12. Bxe3 O-O 13. dxe5 Ncxe5 14. Bxd7
Nxf3+ 15. Qxf3 Qxd7 16. Rad1 Qa4 17. a3 Qb3 18. Bc1 Rfe8 19. Qd3 Ne5 20. Qe2
Nc4 21. Rd4 b5 22. f3 a5 23. g4 Rad8 24. h4 c6 25. h5 Re6 26. Kh1 Rde8 27. Qg2
d5 28. Red1 dxe4 29. fxe4 Rxe4 30. Rd8 R4e6 31. Rxe8+ Rxe8 32. Rf1 Ne5 33. Bf4
Qc4 34. Bxe5 Rxe5 35. Rd1 Qe4 36. Rd8+ Kh7 0-1

[Event "Aarhus Festuge Open"]
[Site "Aarhus"]
[Date "1992.??.??"]
[Round "2"]
[White "Lindfeldt, Jan Magnus"]
[Black "Husted, Peter"]
[Result "0-1"]
[WhiteElo "2030"]
[BlackElo "2245"]
[PlyCount "114"]
[EventDate "1992.??.??"]

1. Nf3 d5 2. g3 c6 3. Bg2 Bg4 4. Ne5 Bf5 5. d4 Nd7 6. Nd3 e6 7. b3 Ngf6 8. a4
h5 9. h4 Ne4 10. Bxe4 Bxe4 11. f3 Bf5 12. Qd2 Be7 13. Ba3 Qc7 14. Bxe7 Qxg3+
15. Kd1 Kxe7 16. Kc1 Qg2 17. Re1 a5 18. Nc3 Bxd3 19. Qxd3 Qf2 20. Rh1 c5 21.
Nb5 cxd4 22. Nxd4 Ne5 23. Qd2 Nc6 24. Nb5 Qg3 25. Kb2 Qe5+ 26. c3 Rhd8 27. e3
g6 28. Rag1 Rac8 29. Rg5 Qf6 30. Rf1 Kf8 31. Nd4 Nxd4 32. Qxd4 Qxd4 33. exd4
Rc6 34. f4 Rdc8 35. Rf3 Ke7 36. Re3 Kd6 37. Rgg3 Rb8 38. Ka3 b5 39. axb5 Rxb5
40. Rg1 Rb8 41. Ka4 Rcb6 42. Rb1 R6b7 43. Ka3 Ke7 44. Re5 Kf6 45. Rg5 a4 46. b4
Rc8 47. Rc1 Rbc7 48. Kb2 a3+ 49. Kb3 a2 50. Rg3 Kf5 51. Rg5+ Ke4 52. Rgg1 a1=Q
53. Rxa1 Rxc3+ 54. Ka4 Kxd4 55. Kb5 Rb8+ 56. Ka5 Kc4 57. Rgb1 Ra8+ 0-1

[Event "Aarhus Festuge Open"]
[Site "Aarhus"]
[Date "1992.??.??"]
[Round "2"]
[White "Nielsen, Jan Lovig"]
[Black "Marcussen, Anders"]
[Result "1-0"]
[WhiteElo "2035"]
[BlackElo "2135"]
[PlyCount "69"]
[EventDate "1992.??.??"]

1. c4 Nf6 2. Nc3 d5 3. cxd5 Nxd5 4. g3 g6 5. Bg2 Nb6 6. Nf3 Bg7 7. O-O O-O 8.
d4 Nc6 9. e3 e5 10. d5 Na5 11. b3 e4 12. Nd4 Nxd5 13. Nxe4 Ne7 14. Ba3 Re8 15.
Rc1 Nac6 16. Nb5 Nd5 17. Qxd5 Qxd5 18. Nf6+ Bxf6 19. Bxd5 Bh3 20. Nxc7 Bxf1 21.
Nxe8 Rxe8 22. Kxf1 Rc8 23. Rc4 Kg7 24. Bxc6 bxc6 25. Ra4 Rc7 26. Bc5 Rd7 27.
Rxa7 Rd5 28. b4 g5 29. a4 h5 30. h3 Rd1+ 31. Kg2 g4 32. hxg4 hxg4 33. Rc7 Ra1
34. a5 Ra4 35. Rxc6 1-0

[Event "Aarhus Festuge Open"]
[Site "Aarhus"]
[Date "1992.??.??"]
[Round "2"]
[White "Pedersen, Daniel Vesterbaek"]
[Black "Hoiberg, Nina"]
[Result "1/2-1/2"]
[WhiteElo "2230"]
[BlackElo "2245"]
[PlyCount "84"]
[EventDate "1992.??.??"]

1. e4 e5 2. Nf3 Nc6 3. d4 exd4 4. Nxd4 Bc5 5. Be3 Bb6 6. Nc3 Nf6 7. Bc4 d6 8.
f3 Qe7 9. Qd2 Nxd4 10. Bxd4 Be6 11. Be2 Bxd4 12. Qxd4 O-O 13. O-O-O a6 14. g4
Rfd8 15. g5 Ne8 16. f4 c5 17. Qd2 f5 18. exf5 Bxf5 19. Bc4+ Kh8 20. Qd5 Qf8 21.
Qxb7 Bg4 22. Rdf1 d5 23. Bxd5 Nd6 24. Qb6 Rab8 25. Qxa6 Nb5 26. Nxb5 Rxd5 27.
Nc3 Rd6 28. Qa5 Ra8 29. Qc7 Be6 30. b3 c4 31. f5 Bd5 32. f6 gxf6 33. Nb5 Rc6
34. Qd7 Rd8 35. Qf5 cxb3 36. axb3 Bxb3 37. Rf2 Ba4 38. gxf6 Rc5 39. Qf4 Bxb5
40. f7 Rf5 41. Qxf5 Qa3+ 42. Kb1 Qb4+ 1/2-1/2

[Event "Aarhus Festuge Open"]
[Site "Aarhus"]
[Date "1992.??.??"]
[Round "2"]
[White "Pedersen, Nicolai Vesterbaek"]
[Black "Flindtholt, Birger"]
[Result "1-0"]
[WhiteElo "2115"]
[BlackElo "2130"]
[PlyCount "93"]
[EventDate "1992.??.??"]

1. e4 Nf6 2. e5 Nd5 3. d4 d6 4. Nf3 dxe5 5. Nxe5 g6 6. c4 Nb6 7. Nc3 Bg7 8. Be3
c5 9. dxc5 Qxd1+ 10. Rxd1 Bxe5 11. cxb6 axb6 12. Bd4 Nc6 13. Bxe5 Nxe5 14. Be2
Be6 15. b3 O-O 16. O-O Ra3 17. f4 Nc6 18. Rd2 Nb4 19. Rfd1 Kg7 20. Bf3 Rfa8 21.
Bxb7 R8a5 22. Re1 Nxa2 23. Nxa2 Rxa2 24. Rxa2 Rxa2 25. Re5 Rd2 26. Rb5 Rd6 27.
Kf2 Kf8 28. Ke3 Ke8 29. Be4 f6 30. h3 Kd8 31. g4 Ke8 32. Bf3 Kd8 33. h4 Ke8 34.
g5 Kd8 35. Be4 Ke8 36. h5 Bf7 37. h6 Kd8 38. c5 bxc5 39. Rb8+ Kc7 40. Rh8 Bxb3
41. Rxh7 fxg5 42. fxg5 Rd8 43. Rxe7+ Kd6 44. Rg7 Ke5 45. Bxg6 Be6 46. Re7 Kd6
47. Re8 1-0

[Event "Aarhus Festuge Open"]
[Site "Aarhus"]
[Date "1992.??.??"]
[Round "2"]
[White "Petersen, Flemming Petri"]
[Black "Nielsen, Henning"]
[Result "0-1"]
[WhiteElo "2075"]
[BlackElo "2145"]
[PlyCount "70"]
[EventDate "1992.??.??"]

1. e4 e5 2. d4 exd4 3. Qxd4 Nc6 4. Qe3 Be7 5. Nc3 Nf6 6. Bd2 O-O 7. O-O-O d5 8.
exd5 Nxd5 9. Qg3 Bd6 10. f4 Nf6 11. Bc4 Nd4 12. Nge2 Nf5 13. Qf3 c6 14. h3 b5
15. Bxb5 cxb5 16. Qxa8 Qb6 17. Nd5 Qa6 18. Nxf6+ gxf6 19. Qe4 Qxa2 20. c3 Be6
21. Qb1 Qa6 22. g4 Ne7 23. Ng3 b4 24. Nh5 f5 25. Rdg1 Kh8 26. Rg3 b3 27. Be3
Bd5 28. Bd4+ f6 29. Re1 Be4 30. Rxe4 Qf1+ 31. Kd2 Qxb1 32. Re2 Nd5 33. gxf5
Qxf5 34. Nxf6 Bxf4+ 35. Kd1 Qb1# 0-1

[Event "Aarhus Festuge Open"]
[Site "Aarhus"]
[Date "1992.??.??"]
[Round "2"]
[White "Samaritani, Fabio"]
[Black "Olesen, Niels H"]
[Result "1/2-1/2"]
[WhiteElo "2160"]
[BlackElo "2010"]
[PlyCount "37"]
[EventDate "1992.??.??"]

1. e4 e5 2. Nf3 Nc6 3. Bc4 Nf6 4. d3 Be7 5. O-O d6 6. Re1 O-O 7. a4 Bg4 8. c3
Na5 9. Ba2 c5 10. h3 Bh5 11. Nbd2 a6 12. Nf1 Qc7 13. Ng3 Bg6 14. Nh4 Rfe8 15.
f4 exf4 16. Bxf4 Bf8 17. Kh1 b5 18. Nxg6 hxg6 19. b4 1/2-1/2

[Event "Aarhus Festuge Open"]
[Site "Aarhus"]
[Date "1992.??.??"]
[Round "2"]
[White "Sand, Bjorn"]
[Black "Christensen, Jan"]
[Result "0-1"]
[WhiteElo "1765"]
[BlackElo "2250"]
[PlyCount "30"]
[EventDate "1992.??.??"]

1. e4 e5 2. Nf3 Nc6 3. Bb5 f5 4. Nc3 fxe4 5. Nxe4 Nf6 6. d3 Be7 7. O-O d6 8.
Nfg5 O-O 9. f4 d5 10. Nxf6+ Bxf6 11. Qh5 Bxg5 12. fxg5 Rxf1+ 13. Kxf1 Qf8+ 14.
Ke1 g6 15. Qd1 Qb4+ 0-1

[Event "Aarhus Festuge Open"]
[Site "Aarhus"]
[Date "1992.??.??"]
[Round "2"]
[White "Sondergaard, Gunner"]
[Black "Kostuk, Anatolij"]
[Result "1-0"]
[WhiteElo "1930"]
[BlackElo "2000"]
[PlyCount "58"]
[EventDate "1992.??.??"]

1. e4 e5 2. Nf3 Nc6 3. d4 exd4 4. c3 Bc5 5. cxd4 Bb4+ 6. Nc3 Qe7 7. Bd3 Nf6 8.
O-O a6 9. Bg5 h6 10. Nd5 Qd8 11. Bh4 g5 12. Nxg5 Nxd5 13. Qh5 Qf6 14. Nf3 Qg6
15. Qxd5 d6 16. Qc4 Bh3 17. Bg3 Bg4 18. d5 Bxf3 19. dxc6 Bc5 20. cxb7 Rb8 21.
gxf3 O-O 22. e5 Qe6 23. Qe4 f5 24. exf6 Qxe4 25. fxe4 Rxf6 26. Bxa6 Re6 27.
Rfe1 Bd4 28. Rac1 Bc5 29. e5 Bb4 1-0

[Event "Aarhus Festuge Open"]
[Site "Aarhus"]
[Date "1992.??.??"]
[Round "2"]
[White "Sorensen, Michael"]
[Black "Pedersen, Bjarne"]
[Result "1/2-1/2"]
[WhiteElo "2100"]
[BlackElo "2235"]
[PlyCount "28"]
[EventDate "1992.??.??"]

1. d4 d5 2. c4 e6 3. Nc3 c6 4. Nf3 Be7 5. e4 dxe4 6. Nxe4 Nf6 7. Nxf6+ Bxf6 8.
Be2 O-O 9. O-O Nd7 10. Qc2 b6 11. b3 Qc7 12. Bb2 Bb7 13. Rfd1 Rfd8 14. Nd2 c5
1/2-1/2